Library Banner

Urdu afsanay men khair o shar ka tasawwar (qiyyam e Pakistan ke bad) = اردو افسانے میں خیروشر کا تصور ( قیام پاکستان کے بعد ) / (Record no. 113499)

MARC details
000 -LEADER
fixed length control field 00585nam a22001457a 4500
005 - DATE AND TIME OF LATEST TRANSACTION
control field 20190806120321.0
008 - FIXED-LENGTH DATA ELEMENTS--GENERAL INFORMATION
fixed length control field 190806b ||||| |||| 00| 0 eng d
040 ## - CATALOGING SOURCE
Transcribing agency PK-LaUMT
082 ## - DEWEY DECIMAL CLASSIFICATION NUMBER
Classification number RHC 891.439317
Item number RAH-U
100 ## - MAIN ENTRY--PERSONAL NAME
Personal name Raheela Bashir = راحیلہ بشیر
245 ## - TITLE STATEMENT
Title Urdu afsanay men khair o shar ka tasawwar (qiyyam e Pakistan ke bad) = اردو افسانے میں خیروشر کا تصور ( قیام پاکستان کے بعد ) /
Statement of responsibility, etc by Raheela Bashir = راحیلہ بشیر
260 ## - PUBLICATION, DISTRIBUTION, ETC. (IMPRINT)
Place of publication, distribution, etc Faisalabad :
Name of publisher, distributor, etc Misaal Publishers,
Date of publication, distribution, etc 2015
300 ## - PHYSICAL DESCRIPTION
Extent 432 p.
942 ## - ADDED ENTRY ELEMENTS (KOHA)
Koha item type Books
Holdings
Withdrawn status Lost status Damaged status Home library Current library Date acquired Full call number Barcode Date last seen Price effective from Koha item type
      UMT Main Campus UMT Main Campus 2019-08-06 RHC 891.439317 RAH-U 112821 2019-08-06 2019-08-06 Books